000 00889nam a22001817a 4500
005 20120320094615.0
020 _c495.00
_a8126709472
035 _aB-202990
037 _b
_adpl
082 _a305.6
100 _aवार्ष्णेय, आशुतोष
_943960
245 1 _aहिन्दु-मुस्लिम रिश्तेः नया शोध, नए निष्कर्ष /
_cआशुतोष वार्ष्णेय
260 _aनई दिल्ली
_bराजकमल प्रकाशन
_c2005
270 _a
_b
_e
_k
300 _a380पृ.
_c22सेमी (सजिल्द)
942 _adpl
_cHN
_k
_2ddc
_h305.6
_mवार्ष्णेय
999 _c64157
_d64157